00932nam a2200193 i 450000100060000000300090000600500170001500700030003200800410003510000370007624501650011326000810027830000210035950000970038065000250047771000380050285200980054085201000063826830ES-MaACL20230906153517.0t|030110s1879 sp ||||1| spa d1 aArrese Duque, Daniel Ramón de.10aDiscurso leído en la Universidad Literaria de Sevilla en el acto de la apertura del curso académico de 1879 a 1880 / cpor Daniel Ramón de Arrese y Duque. aSevilla : b[s.n.], c1879 (fImprenta y Librería Española y Extrangera) a52 p. ; c27 cm. aTema del discurso: Progreso obtenido en el conocimiento del hebreo y del árabe clásicos. 4aLenguas semíticas.2 aUniversidad Literaria de Sevilla. aES-MaACLjT-323-F-3 z.- Enc. hol. z.-Falto de la cub. original z.-Enc. en un vol. facticio aES-MaACLjT-392-F-5 z.- Enc. hol. z.- Falto de la cub. original z.- Enc. en un vol. facticio